[Event "World Blitz 2016"]
[Site "Doha QAT"]
[Date "2016.12.29"]
[Round "12.32"]
[White "Henriquez Villagra, Cristobal"]
[Black "Bindrich, Falko"]
[Result "1/2-1/2"]
[WhiteTitle "IM"]
[BlackTitle "GM"]
[WhiteElo "2517"]
[BlackElo "2590"]
[WhiteFideId "3409350"]
[BlackFideId "4676670"]
[EventDate "2016.12.29"]

1. e4 e5 2. Nf3 Nc6 3. Bc4 Bc5 4. O-O Nf6 5. d3 d6 6. a4 a6 7. h3 h6 8. c3 Ba7
9. Nbd2 g5 10. d4 g4 11. hxg4 Nxg4 12. Nb3 Bd7 13. Qe2 Qf6 14. Be3 Qg7 15. Nh4
Rg8 16. Qf3 h5 17. g3 Nxe3 18. fxe3 Qxg3+ 19. Qxg3 Rxg3+ 20. Kf2 Rg4 21. Rh1
Rxe4 22. Nd2 Rg4 23. Be2 Rg8 24. Bxh5 O-O-O 25. Ne4 f5 26. Nf6 Rgf8 27. Nxd7
Rxd7 28. Raf1 Kb8 29. Ke2 Ne7 30. Kd3 Rdd8 31. Bg6 f4 32. exf4 exf4 33. Be4 d5
34. Bf3 c5 35. Re1 Nc6 36. dxc5 Bxc5 37. Ng6 Rg8 38. Nxf4 Rdf8 39. Bxd5 Rg3+ 40.
Ke4 Bd6 41. Rhf1 Rg4 42. Bxc6 bxc6 43. Kd3 Rgxf4 44. Rh1 R4f7 45. Re6 Kc7 46.
Rhh6 Rd7 47. Kc4 Rf4+ 48. Kb3 Rf5 49. Rhg6 Rf8 50. Rh6 Rb8+ 51. Kc2 Rbd8 52. Kb3
Re7 53. Reg6 Rdd7 54. Rf6 Rf7 55. Re6 Rh7 56. Rxd6 Rxh6 57. Rxh6 Rd5 58. Rh4 a5
59. Kc4 Kb6 60. Rd4 Rc5+ 61. Kd3 Rh5 62. Kc2 Rh2+ 63. Kb3 Rh5 64. Rc4 Rg5 65.
Rf4 Rh5 66. Rf8 Rh2 67. Rb8+ Ka7 68. Re8 Kb6 69. Ka3 Rh3 70. Re5 Rg3 71. Rf5 Rh3
72. Kb3 Rh2 73. Rf3 Rg2 74. Ka3 Rh2 75. b4 Rh1 76. Kb3 Rb1+ 77. Kc4 Ra1 78. Kb3
Rb1+ 79. Ka2 Rh1 80. Rd3 Rh4 81. Kb3 Rh1 82. Rd2 Rh3 83. bxa5+ Kxa5 84. Rd8 Kb6
85. Rb8+ Kc7 86. Rb4 Rh5 87. Ka3 Rc5 88. Rb3 Rh5 89. Rb4 Rh3 90. Kb3 Rh5 91. Ka3
Rh3 92. Rb3 Rh5 93. Kb4 Kb6 94. c4 Rg5 95. Rf3 c5+ 96. Kb3 Ka5 97. Ka3 Rh5 98.
Rb3 Ka6 99. Rb5 Rg5 100. a5 Rg1 101. Rxc5 Rb1 102. Ka4 Ra1+ 103. Kb4 Rb1+ 104.
Kc3 Rc1+ 105. Kd4 Rd1+ 106. Ke5 Kb7 107. Rd5 Rc1 108. Kd4 Kc6 109. Rc5+ Kb7 110.
Rb5+ Kc6 111. Rb6+ Kc7 112. Kc5 Ra1 113. Rb5 Ra4 114. Kd5 Ra1 115. Rc5+ Kb7 116.
Kd6 Rd1+ 117. Rd5 Rh1 118. Re5 Ka6 119. c5 Kxa5 120. Kc6 Rh6+ 121. Kd7 Kb5 122.
c6+ Kb6 123. Re3 Rh7+ 124. Kd6 Rh6+ 125. Kd7 1/2-1/2

[Event "World Blitz 2016"]
[Site "Doha QAT"]
[Date "2016.12.29"]
[Round "12.33"]
[White "Ghaem Maghami, Ehsan"]
[Black "Mchedlishvili, Mikheil"]
[Result "0-1"]
[WhiteTitle "GM"]
[BlackTitle "GM"]
[WhiteElo "2574"]
[BlackElo "2601"]
[WhiteFideId "12500739"]
[BlackFideId "13600966"]
[EventDate "2016.12.29"]

1. e4 c5 2. Nf3 e6 3. b3 a6 4. Bb2 Nc6 5. c4 Nge7 6. Be2 Ng6 7. d4 cxd4 8. Nxd4
Nxd4 9. Qxd4 e5 10. Qd2 Bc5 11. Ba3 d6 12. O-O O-O 13. Rd1 Qf6 14. Bxc5 dxc5 15.
g3 Ne7 16. Nc3 Nc6 17. Nd5 Qd8 18. Qe3 Nd4 19. Rd2 Be6 20. Rc1 Qd6 21. Kg2 a5
22. Nc3 b6 23. f4 Bd7 24. a4 Bc6 25. Kg1 exf4 26. gxf4 Rfe8 27. Bh5 Qh6 0-1

[Event "World Blitz 2016"]
[Site "Doha QAT"]
[Date "2016.12.29"]
[Round "12.34"]
[White "Anton Guijarro, David"]
[Black "Moiseenko, Alexander"]
[Result "1/2-1/2"]
[WhiteTitle "GM"]
[BlackTitle "GM"]
[WhiteElo "2650"]
[BlackElo "2657"]
[WhiteFideId "2285525"]
[BlackFideId "14102560"]
[EventDate "2016.12.29"]

1. d4 Nf6 2. c4 e6 3. Nf3 Bb4+ 4. Nbd2 b6 5. a3 Bxd2+ 6. Qxd2 Bb7 7. e3 O-O 8.
Be2 d6 9. b4 Nbd7 10. Bb2 Ne4 11. Qc2 f5 12. O-O Rf6 13. d5 Rh6 14. Rad1 c5 15.
g3 exd5 16. cxd5 Qe7 17. bxc5 bxc5 18. a4 Rf8 19. a5 Kh8 20. Ne1 Ndf6 21. f3
Nxg3 22. hxg3 Nxd5 23. Ng2 Nxe3 24. Nxe3 Qxe3+ 25. Kg2 Rg6 26. Qd2 Qe6 27. Kf2
d5 28. Ba3 d4 29. Qf4 Re8 30. Rfe1 Qe3+ 31. Qxe3 dxe3+ 32. Kf1 Rxg3 33. Bxc5
Bxf3 34. Bxf3 Rxf3+ 35. Kg1 f4 36. Bxa7 h6 37. Rd5 Re6 38. Bd4 Rg6+ 39. Kh2 Rf2+
40. Kh1 Rf3 41. Rh5 Kh7 42. Rh4 Rf2 43. Be5 e2 44. Rxf4 Rfg2 45. Rf3 R2g5 46.
Bh2 Rxa5 47. Rf2 Ra2 48. Rfxe2 Rxe2 49. Rxe2 Rg4 50. Rg2 Rxg2 51. Kxg2 g5 1/2-1/2

[Event "World Blitz 2016"]
[Site "Doha QAT"]
[Date "2016.12.29"]
[Round "12.35"]
[White "Amin, Bassem"]
[Black "Flores, Diego"]
[Result "1-0"]
[WhiteTitle "GM"]
[BlackTitle "GM"]
[WhiteElo "2662"]
[BlackElo "2579"]
[WhiteFideId "10601457"]
[BlackFideId "108049"]
[EventDate "2016.12.29"]

1. e4 d6 2. Nf3 Nf6 3. d3 c5 4. g3 Nc6 5. Bg2 g6 6. O-O Bg7 7. Re1 O-O 8. c3 Bg4
9. h3 Bxf3 10. Qxf3 Rb8 11. Be3 Nd7 12. Rd1 b5 13. a3 a5 14. d4 cxd4 15. cxd4
Nb6 16. e5 d5 17. Nc3 e6 18. Nxb5 Nc4 19. a4 Nxb2 20. Rdc1 Nb4 21. Bf1 f6 22.
exf6 Bxf6 23. Qg4 Rb6 24. Bf4 Qe8 25. Bc7 Rc6 26. Bd6 Rf7 27. Nc7 Qd7 28. Bxb4
axb4 29. Bb5 Rxc1+ 30. Rxc1 Qd6 31. Ne8 Qe7 32. Rc7 Qf8 33. Qxe6 Bxd4 34. Nd6
Bxf2+ 35. Kg2 1-0

[Event "World Blitz 2016"]
[Site "Doha QAT"]
[Date "2016.12.29"]
[Round "12.36"]
[White "Borisek, Jure"]
[Black "Bologan, Victor"]
[Result "0-1"]
[WhiteTitle "GM"]
[BlackTitle "GM"]
[WhiteElo "2561"]
[BlackElo "2640"]
[WhiteFideId "14603152"]
[BlackFideId "13900048"]
[EventDate "2016.12.29"]

1. e4 g6 2. d4 Bg7 3. Nc3 c6 4. h3 d6 5. Be3 Qb6 6. a3 Nf6 7. Nf3 O-O 8. Be2 Qc7
9. O-O e5 10. Re1 Re8 11. Bf1 Nbd7 12. a4 exd4 13. Bxd4 b6 14. Nd2 Bb7 15. Nc4
Rad8 16. Qd2 a6 17. f3 b5 18. axb5 axb5 19. Na5 Ba8 20. b4 Nb6 21. Qf2 Rb8 22.
Rad1 Nbd7 23. Nb3 Ne5 24. Kh1 Nh5 25. f4 Nc4 26. Bxg7 Nxg7 27. f5 gxf5 28. exf5
d5 29. Nc5 f6 30. Bd3 Re5 31. Ra1 Rbe8 32. Ne2 Qe7 33. Kh2 Nd6 34. g4 Re3 35.
Ne6 Re5 36. N2f4 Nxe6 37. Nxe6 Bb7 38. Qf4 Nf7 39. Rf1 Bc8 40. Nd4 Qxb4 41. Nxc6
Re2+ 42. Bxe2 Rxe2+ 43. Kh1 Qc3 44. Qf3 Re3 45. Qxd5 Rxh3+ 46. Kg1 Rg3+ 47. Kh2
Rh3+ 48. Kg1 Qg3+ 49. Qg2 Qe3+ 50. Rf2 Rg3 51. Ne7+ Kg7 52. Nxc8 Rxg2+ 53. Kxg2
Qe4+ 54. Kf1 Qc4+ 55. Kg1 Qxc8 56. Re1 Ne5 57. g5 Qc5 58. Kg2 fxg5 59. f6+ Kf7
60. Kg3 h5 61. Rf5 Qc3+ 62. Kg2 Qxe1 0-1

[Event "World Blitz 2016"]
[Site "Doha QAT"]
[Date "2016.12.29"]
[Round "12.37"]
[White "Pichot, Alan"]
[Black "Tregubov, Pavel V."]
[Result "1-0"]
[WhiteTitle "GM"]
[BlackTitle "GM"]
[WhiteElo "2544"]
[BlackElo "2585"]
[WhiteFideId "110973"]
[BlackFideId "4115341"]
[EventDate "2016.12.29"]

1. e4 c5 2. Nf3 e6 3. d4 cxd4 4. Nxd4 Nc6 5. Nc3 Nf6 6. Nxc6 bxc6 7. Bd3 d5 8.
O-O Be7 9. Qe2 O-O 10. b3 Bb7 11. Bb2 c5 12. Rad1 Qc7 13. Nb5 Qb6 14. e5 Nd7 15.
c4 d4 16. f4 g6 17. Be4 Bxe4 18. Qxe4 a6 19. Na3 Rfd8 20. Rd3 Ra7 21. Bc1 Qb7
22. Qe1 Nb8 23. Bd2 Nc6 24. Rh3 d3 25. Rff3 Qd7 26. Qe4 Qd4+ 27. Qxd4 Nxd4 28.
Rxd3 Rad7 29. Ba5 Ne2+ 30. Kf1 Rxd3 31. Bxd8 Rxd8 32. Kxe2 f6 33. Re3 fxe5 34.
Rxe5 Kf7 35. Nc2 Bd6 36. Re4 g5 37. fxg5 Bxh2 38. Rh4 Bg1 39. Rxh7+ Kg6 40. Rh6+
Kf5 41. Rf6+ Kxg5 42. Rxe6 a5 43. Ne1 Kf5 44. Ra6 Re8+ 45. Kd1 Bd4 46. Nf3 Bc3
47. Rc6 Bb4 48. Rd6 Kf4 49. Rd5 Kg3 50. Rg5+ Kf2 51. a4 Re3 52. Ne5 Rxb3 53. g4
Ra3 54. Rf5+ Ke3 55. Rf3+ Ke4 56. Rxa3 Bxa3 57. Nc6 Kd3 58. Nxa5 Bb4 59. Nc6 Bc3
60. a5 Kxc4 61. a6 1-0

[Event "World Blitz 2016"]
[Site "Doha QAT"]
[Date "2016.12.29"]
[Round "12.38"]
[White "Agdestein, Simen"]
[Black "Tomashevsky, Evgeny"]
[Result "0-1"]
[WhiteTitle "GM"]
[BlackTitle "GM"]
[WhiteElo "2602"]
[BlackElo "2716"]
[WhiteFideId "1500015"]
[BlackFideId "4147235"]
[EventDate "2016.12.29"]

1. c4 e5 2. Nc3 Nf6 3. g3 Bb4 4. Nf3 Nc6 5. Bg2 O-O 6. O-O d6 7. d3 h6 8. Rb1 a5
9. a3 Bc5 10. e3 Bf5 11. Nh4 Bg4 12. Qc2 Qd7 13. Nd5 Nxd5 14. cxd5 Ne7 15. b4
axb4 16. axb4 Bb6 17. Re1 Bh3 18. Bh1 f5 19. Bb2 Rf7 20. d4 e4 21. f3 g5 22.
Nxf5 Qxf5 23. fxe4 Qg6 24. Bg2 Bxg2 25. Qxg2 Raf8 26. Rf1 Rxf1+ 27. Rxf1 Rxf1+
28. Kxf1 c6 29. dxc6 bxc6 30. Bc3 d5 31. e5 Qd3+ 0-1

[Event "World Blitz 2016"]
[Site "Doha QAT"]
[Date "2016.12.29"]
[Round "12.40"]
[White "Kozul, Zdenko"]
[Black "Potapov, Pavel"]
[Result "1/2-1/2"]
[WhiteTitle "GM"]
[BlackTitle "GM"]
[WhiteElo "2613"]
[BlackElo "2493"]
[WhiteFideId "14502879"]
[BlackFideId "4169786"]
[EventDate "2016.12.29"]

1. d4 f5 2. g3 Nf6 3. Bg2 g6 4. Nf3 Bg7 5. O-O O-O 6. c4 d6 7. Nc3 c6 8. d5 e5
9. dxe6 Bxe6 10. Bf4 Bxc4 11. Bxd6 Re8 12. Re1 Ne4 13. Nxe4 fxe4 14. Nd2 Bd5 15.
Ba3 e3 16. fxe3 Rxe3 17. Nc4 Re8 18. Bxd5+ cxd5 19. Nd6 Qb6+ 20. e3 Re5 21. Qf3
Nc6 22. Qf7+ Kh8 23. Qxb7 Qxb7 24. Nxb7 Rb8 25. Nc5 Ree8 26. Nd3 Na5 27. Rab1
Nc4 28. Bc5 Nd2 29. b4 Nxb1 30. Rxb1 Rb7 31. b5 Re4 32. a3 Kg8 33. Kf2 d4 34.
exd4 Rf7+ 35. Kg2 Bxd4 36. Bxd4 Rxd4 37. Nf4 g5 38. Ne6 Rd2+ 39. Kh3 Rff2 40.
Kg4 Rxh2 41. b6 axb6 42. Rxb6 h6 43. Kf5 Kf7 44. Rb7+ Ke8 45. a4 Rde2 46. Ng7+
Kd8 47. a5 Kc8 48. a6 Ra2 49. Rb6 Rhb2 50. Rxh6 Rb5+ 51. Kg4 Ra4+ 52. Kh5 Rba5
53. g4 Rxa6 54. Rh8+ Kd7 55. Nf5 Ra8 56. Rh7+ Ke6 57. Rh6+ Ke5 58. Rg6 Rf8 59.
Kxg5 Rxg4+ 60. Kxg4 Rxf5 1/2-1/2

[Event "World Blitz 2016"]
[Site "Doha QAT"]
[Date "2016.12.29"]
[Round "12.41"]
[White "Shytaj, Luca"]
[Black "Fressinet, Laurent"]
[Result "0-1"]
[WhiteTitle "IM"]
[BlackTitle "GM"]
[WhiteElo "2435"]
[BlackElo "2672"]
[WhiteFideId "812633"]
[BlackFideId "608742"]
[EventDate "2016.12.29"]

1. b3 g6 2. Bb2 Nf6 3. Bxf6 exf6 4. c4 d5 5. cxd5 Qxd5 6. Nc3 Qa5 7. Nf3 Bf5 8.
e4 Bg4 9. h3 Bxf3 10. Qxf3 Bg7 11. Bc4 O-O 12. O-O c6 13. d4 Nd7 14. Rad1 Rad8
15. Rfe1 Nb6 16. Bf1 Rd7 17. d5 Re8 18. dxc6 bxc6 19. e5 Rxd1 20. Rxd1 Qxe5 21.
Ne2 c5 22. Nf4 f5 23. Bb5 Rb8 24. Nd3 Qe7 25. Qc6 Bd4 26. Re1 Qg5 27. Qc7 Rf8
28. Qxa7 Nd5 29. Qb7 Nc3 30. Bc4 Ne4 31. Rxe4 fxe4 32. Qxe4 Kg7 33. a4 Qd2 34.
g3 Rd8 35. Kg2 Rd6 36. Qf4 Qxf4 37. Nxf4 Bc3 38. Nd3 Bb4 39. f4 f5 40. Kf3 Kf6
41. Nxb4 cxb4 42. a5 Rd2 43. Ke3 Ra2 44. a6 Ke7 45. Kd4 Kd6 46. Bb5 Kc7 47. Kc5
Rc2+ 48. Kxb4 Kb6 49. Bc4 Rg2 50. Bg8 h5 51. a7 Kxa7 52. Kc5 Rxg3 53. b4 Rxh3
54. Bf7 Rg3 55. b5 Kb8 0-1

[Event "World Blitz 2016"]
[Site "Doha QAT"]
[Date "2016.12.29"]
[Round "12.42"]
[White "Gholami, Aryan"]
[Black "Al-Sayed, Mohammed"]
[Result "0-1"]
[WhiteTitle "IM"]
[BlackTitle "GM"]
[WhiteElo "2422"]
[BlackElo "2508"]
[WhiteFideId "12513342"]
[BlackFideId "12100196"]
[EventDate "2016.12.29"]

1. c4 Nf6 2. Nc3 g6 3. d4 Bg7 4. g3 O-O 5. Bg2 d6 6. Nf3 Nc6 7. O-O e5 8. dxe5
Nxe5 9. Nxe5 dxe5 10. Qc2 c6 11. b3 Bf5 12. e4 Be6 13. Ba3 Re8 14. Rad1 Qc8 15.
Na4 Bh3 16. Rfe1 h5 17. c5 Bxg2 18. Kxg2 h4 19. Nb2 b5 20. cxb6 axb6 21. Nc4 h3+
22. Kg1 Qg4 23. Qe2 Qxe2 24. Rxe2 b5 25. Nd6 Rxa3 26. Nxe8 Nxe8 27. Rd8 Kf8 28.
Rc2 Ke7 29. Rc8 Nd6 30. Rc7+ Kd8 31. R7xc6 Nxe4 32. f3 Ng5 33. Kf2 Ne6 34. Rb6
Ra5 35. b4 Ra3 36. Rxb5 Nd4 37. Rd5+ Ke7 38. Rc7+ Ke6 39. Rdd7 Rxa2+ 40. Kf1
Ra1+ 41. Kf2 Ra2+ 42. Kf1 Nxf3 43. Re7+ Kd5 44. Rxf7 Nxh2+ 45. Kg1 Rg2+ 46. Kh1
Ng4 47. Rxg7 Nf2# 0-1

[Event "World Blitz 2016"]
[Site "Doha QAT"]
[Date "2016.12.29"]
[Round "12.43"]
[White "Quparadze, Giga"]
[Black "Saeed, Ishaq"]
[Result "1-0"]
[WhiteTitle "IM"]
[BlackTitle "FM"]
[WhiteElo "2481"]
[BlackElo "2312"]
[WhiteFideId "13602250"]
[BlackFideId "9301453"]
[EventDate "2016.12.29"]

1. e4 e5 2. Nf3 Nc6 3. Bc4 Bc5 4. d3 Nf6 5. O-O O-O 6. Bb3 d6 7. c3 Bb6 8. Nbd2
Be6 9. Nc4 Bxc4 10. Bxc4 h6 11. Bb3 Ne7 12. Re1 Ng6 13. h3 c6 14. d4 Re8 15.
dxe5 dxe5 16. Qe2 Qd6 17. Rd1 Qc7 18. Be3 Bxe3 19. Qxe3 Qb6 20. Qe2 Nf4 21. Qc4
Qc7 22. a4 a6 23. a5 Ne6 24. h4 g6 25. g3 Kg7 26. Qb4 Ng4 27. Qb6 Qxb6 28. axb6
Nc5 29. Bc2 Rad8 30. Nd2 h5 31. Nc4 f6 32. b4 Ne6 33. Na5 Rxd1+ 34. Rxd1 Re7 35.
Bb3 Kf7 36. Rd6 f5 37. Rxe6 Rxe6 38. Nxb7 Nf6 39. Nc5 fxe4 40. b7 1-0

[Event "World Blitz 2016"]
[Site "Doha QAT"]
[Date "2016.12.29"]
[Round "12.45"]
[White "Venkatesh, M.R."]
[Black "Zhang, Zhong"]
[Result "1-0"]
[WhiteTitle "GM"]
[BlackTitle "GM"]
[WhiteElo "2439"]
[BlackElo "2645"]
[WhiteFideId "5005779"]
[BlackFideId "8600694"]
[EventDate "2016.12.29"]

1. d4 e6 2. e4 d5 3. Nd2 Nf6 4. e5 Nfd7 5. Bd3 c5 6. c3 Nc6 7. Ngf3 Qb6 8. O-O
cxd4 9. cxd4 Nxd4 10. Nxd4 Qxd4 11. Nf3 Qb6 12. Qc2 Qd8 13. Be3 b6 14. Qc6 Rb8
15. Rac1 Bb7 16. Qa4 a6 17. Qg4 h5 18. Qg3 Nc5 19. Bb1 Ne4 20. Bxe4 dxe4 21.
Rfd1 Bd5 22. Ng5 Rc8 23. Qf4 f5 24. exf6 gxf6 25. Rxc8 Qxc8 26. Qxf6 Be7 27.
Qxh8+ 1-0

[Event "World Blitz 2016"]
[Site "Doha QAT"]
[Date "2016.12.29"]
[Round "12.46"]
[White "Jumabayev, Rinat"]
[Black "Sanal, Vahap"]
[Result "0-1"]
[WhiteTitle "GM"]
[BlackTitle "GM"]
[WhiteElo "2611"]
[BlackElo "2474"]
[WhiteFideId "13702661"]
[BlackFideId "6300545"]
[EventDate "2016.12.29"]

1. e4 e5 2. Nf3 Nc6 3. Bb5 a6 4. Ba4 Nf6 5. O-O Be7 6. d3 b5 7. Bb3 d6 8. a3 O-O
9. Nc3 Be6 10. Nd5 Nd4 11. Nxd4 exd4 12. Nxe7+ Qxe7 13. Bxe6 fxe6 14. Bd2 e5 15.
f4 exf4 16. Rxf4 Nd7 17. Rxf8+ Rxf8 18. a4 Qf7 19. Qe2 Ne5 20. h3 h6 21. axb5
axb5 22. Rf1 Qa2 23. Rxf8+ Kxf8 24. Qf2+ Kg8 25. Qxd4 Qb1+ 26. Kf2 Qxc2 27. Ke2
Kh7 28. b4 Qb1 29. Qc3 Qg1 30. Qxc7 Qxg2+ 31. Kd1 Qf1+ 32. Kc2 Qxd3+ 0-1

[Event "World Blitz 2016"]
[Site "Doha QAT"]
[Date "2016.12.29"]
[Round "12.47"]
[White "Darini, Pouria"]
[Black "Maghsoodloo, Parham"]
[Result "0-1"]
[WhiteTitle "GM"]
[BlackTitle "GM"]
[WhiteElo "2511"]
[BlackElo "2584"]
[WhiteFideId "12502200"]
[BlackFideId "12539929"]
[EventDate "2016.12.29"]

1. e4 c5 2. Nf3 e6 3. d4 cxd4 4. Nxd4 a6 5. Be2 Qc7 6. O-O Nf6 7. Nc3 Bc5 8. Be3
O-O 9. a4 d6 10. Qd2 Nbd7 11. Nb3 Bxe3 12. Qxe3 b6 13. Rad1 Rd8 14. Qg3 Ne8 15.
f4 Bb7 16. Rd4 Nef6 17. Rfd1 Nc5 18. Nxc5 bxc5 19. R4d2 Bxe4 20. Bf3 Bxf3 21.
Qxf3 d5 22. f5 Rab8 23. fxe6 fxe6 24. b3 Rf8 25. Qh3 Rbe8 26. Re2 d4 27. Ne4 Nd5
28. Ng5 h6 29. Nxe6 Qd6 30. Rde1 Rf6 31. Qg4 Re7 32. h3 Ne3 33. Rxe3 dxe3 0-1

[Event "World Blitz 2016"]
[Site "Doha QAT"]
[Date "2016.12.29"]
[Round "12.48"]
[White "Xu, Yi"]
[Black "Aleksandrov, Aleksej"]
[Result "1-0"]
[WhiteTitle "IM"]
[BlackTitle "GM"]
[WhiteElo "2430"]
[BlackElo "2574"]
[WhiteFideId "8605564"]
[BlackFideId "13500139"]
[EventDate "2016.12.29"]

1. e4 e5 2. Nf3 Nc6 3. Bc4 Bc5 4. O-O Nf6 5. d3 d6 6. a4 a5 7. c3 h6 8. Re1 O-O
9. Na3 Re8 10. Nc2 Be6 11. Bb5 Bb6 12. d4 Bd7 13. dxe5 Nxe5 14. Bxd7 Qxd7 15.
Bf4 Ng6 16. Be3 Bxe3 17. Nxe3 Rxe4 18. Nd2 Re6 19. Qf3 c6 20. Nf5 Rae8 21. Rxe6
Qxe6 22. Nd4 Qd7 23. Rd1 d5 24. h3 Ne5 25. Qg3 c5 26. Nb5 c4 27. b3 Qf5 28. Re1
Re7 29. bxc4 dxc4 30. Nd6 Qd7 31. N2e4 Nxe4 32. Nxe4 Qc6 33. Re3 Nd3 34. Qb8+
Kh7 35. Ng5+ hxg5 36. Rxe7 Qf6 37. Re8 Qxf2+ 38. Kh2 Nf4 39. Rh8+ Kg6 40. Qxb7
f6 41. Qc6 Qd2 42. Qe4+ 1-0

[Event "World Blitz 2016"]
[Site "Doha QAT"]
[Date "2016.12.29"]
[Round "12.49"]
[White "Atabayev, Yusup"]
[Black "Perez Ponsa, Federico"]
[Result "0-1"]
[WhiteTitle "IM"]
[BlackTitle "GM"]
[WhiteElo "2473"]
[BlackElo "2585"]
[WhiteFideId "14001128"]
[BlackFideId "117927"]
[EventDate "2016.12.29"]

1. e4 c6 2. d4 d5 3. e5 c5 4. dxc5 Nc6 5. a3 Nxe5 6. Bb5+ Bd7 7. Qxd5 Qc7 8.
Bxd7+ Nxd7 9. Nf3 e6 10. Qd1 Bxc5 11. O-O Ngf6 12. Nc3 a6 13. Bg5 O-O 14. Qe2 b5
15. Rfd1 Be7 16. Ne4 Rac8 17. c3 h6 18. Bh4 Qc6 19. Nd4 Qxe4 20. Qxe4 Nxe4 21.
Bxe7 Rfe8 22. Bb4 Nb6 23. f3 Nf6 24. Rac1 Nfd5 25. b3 g6 26. Ba5 Nd7 27. c4 bxc4
28. Rxc4 Rxc4 29. bxc4 Ne3 30. Rc1 Rc8 31. Bd2 Nxc4 32. Bxh6 Ndb6 33. Rc3 Rd8
34. Nc6 Rd1+ 35. Kf2 Ra1 36. Bc1 Ra2+ 37. Kg3 Nd6 38. Ne5 Nd5 39. Rc6 Nf5+ 40.
Kh3 Kg7 41. Rxa6 Rc2 42. Rc6 Re2 43. Ng4 g5 44. Bxg5 Ra2 45. Bc1 Nd4 46. Rc4 Ne2
47. Bh6+ Kg6 48. Be3 f5 49. Ne5+ Kf6 50. Bd4 Nxd4 51. Nd7+ Ke7 52. Rxd4 Kxd7 53.
g4 fxg4+ 54. Kxg4 Rxh2 55. a4 Rg2+ 56. Kh4 Kd6 57. Kh3 Rg8 58. a5 Ra8 59. Ra4
Ra6 60. Kg4 Ne7 61. f4 Nc6 62. f5 e5 63. Kg5 Ke7 64. Rc4 Nxa5 65. Rc7+ Kd6 66.
Rh7 Nc6 67. f6 Ra2 68. Kg6 Rg2+ 69. Kf7 e4 70. Kf8 Rf2 71. f7 Ne5 72. Rh6+ Kd5
73. Rh5 Rxf7+ 0-1

[Event "World Blitz 2016"]
[Site "Doha QAT"]
[Date "2016.12.29"]
[Round "12.50"]
[White "Hirneise, Jens"]
[Black "Debashis, Das"]
[Result "0-1"]
[WhiteTitle "FM"]
[BlackTitle "GM"]
[WhiteElo "2315"]
[BlackElo "2472"]
[WhiteFideId "24614734"]
[BlackFideId "5024854"]
[EventDate "2016.12.29"]

1. e4 c5 2. Nf3 d6 3. Nc3 Nf6 4. d4 cxd4 5. Nxd4 a6 6. Be3 e5 7. Nb3 Be6 8. f4
b5 9. f5 Bd7 10. Qf3 Bc6 11. g4 b4 12. Nd5 Nbd7 13. O-O-O Nxd5 14. exd5 Bb5 15.
g5 Be7 16. h4 Qc7 17. f6 gxf6 18. Bh3 Nb6 19. gxf6 Bf8 20. Bxb6 Qxb6 21. Nd2 Bh6
22. Kb1 Qe3 23. Qg4 Qf4 24. Qh5 Rg8 25. Bf5 Rg6 26. Ne4 Rd8 27. b3 a5 28. a4
bxa3 29. Ka2 a4 30. bxa4 Bxa4 31. Bxg6 hxg6 32. Qe2 Kf8 33. h5 Rc8 34. Rh2 Bb5
35. Qd2 Qxd2 0-1

[Event "World Blitz 2016"]
[Site "Doha QAT"]
[Date "2016.12.29"]
[Round "12.51"]
[White "Christiansen, Johan-Sebastian"]
[Black "Gashimov, Sarkhan"]
[Result "1-0"]
[WhiteTitle "IM"]
[WhiteElo "2429"]
[BlackElo "2351"]
[WhiteFideId "1512668"]
[BlackFideId "13400657"]
[EventDate "2016.12.29"]

1. Nf3 Nf6 2. c4 b6 3. g3 Bb7 4. Bg2 c5 5. d4 cxd4 6. Qxd4 e6 7. Nc3 Nc6 8. Qf4
Be7 9. O-O O-O 10. Rd1 a6 11. b3 Rc8 12. Bb2 Qc7 13. Qe3 Rfd8 14. Rac1 Bc5 15.
Qd2 Qb8 16. Qc2 Be7 17. Qb1 Ba8 18. a4 Na5 19. Ba1 d5 20. cxd5 Nxd5 21. Ne4 h6
22. Be5 Qb7 23. Qb2 Rxc1 24. Rxc1 Bf8 25. Nc3 Nxc3 26. Bxc3 Qd5 27. b4 Nc4 28.
Qa1 Qe4 29. Qa2 Bd5 30. Ne1 Qg6 31. e4 Ne3 32. exd5 Nxg2 33. Nxg2 Qe4 34. dxe6
fxe6 35. Ne3 b5 36. axb5 axb5 37. Qa5 Rc8 38. Qxb5 Bxb4 39. Bb2 Rf8 40. Qc4 Qf3
41. Qxe6+ Kh7 42. Rf1 Bc5 43. Bc1 Rf6 44. Qd5 Qxd5 45. Nxd5 Rd6 46. Ne3 Ra6 47.
Bb2 Ra2 48. Be5 g5 49. Rc1 Bb6 50. Bc7 Bd4 51. Bd6 Kg6 52. Bc5 Be5 53. Rd1 Rb2
54. Bd4 Bxd4 55. Rxd4 h5 56. h3 Rb6 57. g4 1-0

[Event "World Blitz 2016"]
[Site "Doha QAT"]
[Date "2016.12.29"]
[Round "12.52"]
[White "Hirneise, Tobias"]
[Black "Stratonowitsch, Andre"]
[Result "1-0"]
[WhiteTitle "IM"]
[WhiteElo "2466"]
[BlackElo "2138"]
[WhiteFideId "24600881"]
[BlackFideId "24613959"]
[EventDate "2016.12.29"]

1. e4 c5 2. Nf3 e6 3. d4 cxd4 4. Nxd4 Nc6 5. Nc3 Qc7 6. Be2 a6 7. Be3 Nf6 8. a3
Be7 9. f4 d5 10. e5 Nd7 11. O-O Nxd4 12. Bxd4 Bc5 13. b4 Bxd4+ 14. Qxd4 Qb6 15.
Qxb6 Nxb6 16. a4 Bd7 17. a5 Rc8 18. axb6 Rxc3 19. b5 a5 20. Bd3 O-O 21. Rxa5 f6
22. Ra7 Bc8 23. Rf3 Rc5 24. exf6 Rxf6 25. Kf2 g6 26. Ke3 Rc3 27. Kd4 1-0

[Event "World Blitz 2016"]
[Site "Doha QAT"]
[Date "2016.12.29"]
[Round "12.53"]
[White "khayat, Abdullah F"]
[Black "Tissir, Mohamed"]
[Result "0-1"]
[BlackTitle "IM"]
[WhiteElo "1732"]
[BlackElo "2376"]
[WhiteFideId "21500460"]
[BlackFideId "9000240"]
[EventDate "2016.12.29"]

1. c4 e6 2. d4 c5 3. d5 exd5 4. cxd5 d6 5. e4 Ne7 6. Nf3 Ng6 7. Bd3 Be7 8. O-O
O-O 9. Nfd2 a6 10. f4 b5 11. f5 Ne5 12. Nf3 Nbd7 13. Bf4 Bf6 14. Bxe5 Nxe5 15.
Nxe5 Bxe5 16. Qe2 c4 17. Bc2 Bxb2 18. Nd2 Bxa1 19. Rxa1 Re8 20. Rf1 Qf6 21. Qh5
Bd7 22. Nf3 g6 23. fxg6 fxg6 24. Qh6 Qg7 25. Qh4 Rf8 26. Ng5 Qd4+ 27. Rf2 Qa1+ 0-1

[Event "World Blitz 2016"]
[Site "Doha QAT"]
[Date "2016.12.30"]
[Round "13.2"]
[White "Karjakin, Sergey"]
[Black "Morozevich, Alexander"]
[Result "1/2-1/2"]
[WhiteTitle "GM"]
[BlackTitle "GM"]
[WhiteElo "2785"]
[BlackElo "2676"]
[WhiteFideId "14109603"]
[BlackFideId "4116992"]
[EventDate "2016.12.29"]

1. Nf3 d5 2. e3 Nf6 3. c4 c6 4. Nc3 a6 5. b3 Bg4 6. d4 e6 7. Be2 Nbd7 8. O-O Bd6
9. Bb2 O-O 10. h3 Bh5 11. Ne5 Bxe2 12. Nxe2 Qc7 13. Nd3 dxc4 14. bxc4 b5 15. Rc1
Qb7 16. Qc2 Rac8 17. Rfd1 Be7 18. Qb3 Rb8 19. c5 a5 20. a3 Bd8 21. f3 Bc7 22. e4
Rbd8 23. Qc2 a4 24. Bc3 Rfe8 25. e5 Nd5 26. Re1 Nf8 27. Ng3 f5 28. Ne2 Ng6 29.
Qd2 Rd7 30. Nb4 Nxb4 31. Bxb4 Nxe5 32. Qc3 Nc4 33. Rcd1 e5 34. dxe5 Bxe5 35. Qc1
Rxd1 36. Qxd1 Qc8 37. Kh1 Rd8 38. Qc2 Qd7 39. Nc1 Bg3 40. Rg1 Ne3 41. Qa2+ Qf7
42. Qe2 Nd5 43. Nd3 Re8 44. Qd2 h6 45. Bc3 Qe6 46. Nb4 Bf4 47. Qc2 Ne3 48. Qd3
Qg6 49. Qd7 Qg3 50. Qxg7+ Qxg7 51. Bxg7 Kxg7 52. Nxc6 Rc8 53. Nd4 Rxc5 54. Ne6+
Kf6 55. Nxc5 Bd6 56. Nd3 Bxa3 57. Rb1 Bd6 58. Rxb5 a3 59. Ra5 Nc4 60. Ra6 Ke6
61. Kg1 Kd5 62. Kf2 Kd4 63. Ke2 Kc3 64. f4 Bc7 65. g4 fxg4 66. hxg4 Ba5 67. Nc1
Kc2 68. Rc6 Kxc1 69. Rxc4+ Kb2 70. Ra4 Bc7 71. Kf3 a2 72. Ke4 a1=Q 73. Rxa1 Kxa1
74. f5 Bd8 75. Ke5 Kb2 76. f6 Kc3 77. Ke6 Bb6 78. Kf7 Kd4 79. Kg7 Ke5 80. f7 Bc5
81. Kxh6 1/2-1/2